000 00653nam a2200181Ia 4500
008 240729s9999 xx 000 0 und d
022 _a2050-487X
245 4 _aThe South Asianist
260 _aUnited Kingdom
260 _bUniversity of Edinburgh Library
650 _a History of Asia
650 _a Political institutions and public administration - Asia (Asian studies only) | History (General) and history of Europe
650 _a Social sciences and state - Asia (Asian studies only) | Political science
650 _aSocial Sciences
856 _uhttps://doaj.org/toc/ddf9147349824434be1f245aed82300b
942 _2ddc
942 _cDOAJEJ
999 _c70013
_d70013
945 _a1
_bMadushi Gamage
_c1
_dMadushi Gamage